000 00799nas a2200265 4500
001 BR0102026
003 BR-BrBNA
005 20231205102233.0
007 ta
008 230509b bl.|||p| |||| 00| 00por d
040 _aBR-BrBNA
_bpor
_cBiblioteca Nacional de Agricultura
041 _a(Pt)
072 _aL02
100 1 _aCampos Neto, O.
245 1 _aAlternativa para producao de carne no periodo de seca: mistura mineral-proteico-energetica
650 _aGado de Corte
650 _aSuplemento Alimentar
650 _aSal
650 _aProteina
650 _aGanho de Peso
650 _aValor Nutritivo
773 0 _tRevista de Educacao Continuada (Brazil)
_xISSN 1516-3326
_g(1999), v. 2(2) p. 17-22
_wBR0102026
909 _a202311
_bLúcia
_c55
_dLúcia Elande
942 _2AGRIS
_n0
_cANA
999 _c166482
_d166482